000 00959cab a22002175a 4500
001 L152203
008 110210e20110121xxk 000 0 eng d
035 _a(Sirsi) u152203
041 0 _aeng
100 1 _aUnger, Paul
245 0 0 _aMarkets
_bLancashire and Cumbria
260 _c2011
490 0 _aProperty Week
_v77(3) 21 January 2011, 47-50(4)
520 _aBurnley Council is expected to choose soon a development partner for the Weavers Triangle scheme. Reports on five prospering and four failing developments in the region. Lancashire's shed market has performed strongly so far in 2011. One of the eight new nuclear power stations announced by government will be built near Sellafied in Cumbria. Lancashire has been left without a local enterprise partnership.
590 _aKA
651 4 _aCumbria
651 4 _aLancashire
690 _aPROPERTY-COMMERCIAL PROPERTY-COMMERCIAL PROPERTY MARKET
700 1 _aLathwood, David
942 _n0
999 _c82912
_d82912